000 00577nam a22002057a 4500
003 OSt
005 20140310182954.0
008 130207t xxu||||| |||| 00| 0 eng d
020 _a971086419x
050 _aLB 3058
_b.C164 2006
100 _aCalmorin, Laurentina P.
245 _aMeasurement and evaluation /
_cLaurentina P. Calmorin.
260 _aMandaluyong City :
_bNational Book Store,
_c2004.
300 _a328 p. :
_bill. ;
_c22 cm.
521 _aEDU
650 _aEducational Tests and Measurements.
942 _2lcc
_cBK
_kLOC
999 _c17968
_d17968